Ekonomický rozvoj a parametre zdravia alebo zdravotníctva: súvisia?
Ekonomická úroveň a zdravie. Prestonova krivka. Vývoj technológií a posuv Prestonovej krivky. Výkonnosť ekonomiky a výška výdavkov na zdravotníctvo. Výkonnosť ekonomiky a význam verejných výdavkov na zdravotníctvo.
Guardado en:
| Autor principal: | |
|---|---|
| Formato: | Capítulo de libro |
| Lenguaje: | eslovaco |
| Materias: | |
| Etiquetas: |
Sin Etiquetas, Sea el primero en etiquetar este registro!
|
MARC
| LEADER | 00000nla a2200000 4500 | ||
|---|---|---|---|
| 001 | 0225841 | ||
| 005 | 20240502073714.7 | ||
| 041 | 0 | |a slo | |
| 044 | |a SK | ||
| 245 | 1 | 0 | |a Ekonomický rozvoj a parametre zdravia alebo zdravotníctva: súvisia? |c Karol Morvay |
| 520 | |a Ekonomická úroveň a zdravie. Prestonova krivka. Vývoj technológií a posuv Prestonovej krivky. Výkonnosť ekonomiky a výška výdavkov na zdravotníctvo. Výkonnosť ekonomiky a význam verejných výdavkov na zdravotníctvo. | ||
| 610 | 2 | 0 | |a rozvoj hospodársky |
| 610 | 2 | 0 | |a výkonnosť ekonomiky |
| 610 | 2 | 0 | |a zdravotníctvo |
| 610 | 2 | 0 | |a výdavky |
| 610 | 2 | 0 | |a zdravie |
| 100 | 1 | |a Morvay, Karol, 1973- | |